Gesture in medieval drama and art /
Saved in:
| Other Authors: | |
|---|---|
| Format: | Book |
| Language: | English |
| Published: |
[Kalamazoo, Mich.] :
Medieval Institute Publications, Western Michigan University,
2001.
|
| Series: | Early drama, art, and music monograph series ;
28. |
| Subjects: | |
| Tags: |
Add Tag
No Tags, Be the first to tag this record!
|
| LEADER | 01794nam a22003494a 4500 | ||
|---|---|---|---|
| 001 | 008819873-1 | ||
| 005 | 20070901122026.0 | ||
| 008 | 020122s2001 miuaf b s001|0 eng | ||
| 010 | |a 2001031278 | ||
| 020 | |a 1580440282 (casebound : alk. paper) | ||
| 020 | |a 1580440290 (pbk. : alk. paper) | ||
| 035 | 0 | |a ocm46713238 | |
| 040 | |a DLC |c DLC |d LAS |d C#P | ||
| 042 | |a pcc | ||
| 043 | |a e------ | ||
| 050 | 0 | 0 | |a PN1751 |b .G47 2001 |
| 082 | 0 | 0 | |a 809.2/0094/0902 |2 21 |
| 245 | 0 | 0 | |a Gesture in medieval drama and art / |c edited by Clifford Davidson. |
| 260 | |a [Kalamazoo, Mich.] : |b Medieval Institute Publications, Western Michigan University, |c 2001. | ||
| 300 | |a xii, 239 p., [32] p. of plates : |b ill. ; |c 23 cm. | ||
| 490 | 1 | |a Early drama, art, and music monograph series ; |v 28 | |
| 504 | |a Includes bibliographical references and index. | ||
| 505 | 0 | 0 | |t Of miming and signing : the dramatic rhetoric of gesture / |r Jody Enders -- |t Gesture and characterization in the liturgical drama / |r Dunbar H. Ogden -- |t Offering the forbidden fruit in MS. Junius 11 / |r Janet Schrunk Ericksen -- |t Gesture in medieval British drama / |r Clifford Davidson -- |t Gestures of greeting : annunciations, sacred and secular / |r Barbara D. Palmer -- |t The body in motion in the York Adam and Eve in Eden / |r Natalie Crohn Schmitt -- |t Gesture and audience : the passion and Duccio's Maestà / |r Beth A. Mulvaney -- |t Body language in Jeu de Robin et Marion : the Aix witness / |r Jesse Hurlbut. |
| 650 | 0 | |a Drama, Medieval |x History and criticism. | |
| 650 | 0 | |a Gesture |z Europe |x History |y To 1500. | |
| 650 | 0 | |a Acting. | |
| 650 | 0 | |a Gesture in literature. | |
| 650 | 0 | |a Gesture in art. | |
| 700 | 1 | |a Davidson, Clifford. | |
| 830 | 0 | |a Early drama, art, and music monograph series ; |v 28. | |
| 988 | |a 20020608 | ||
| 906 | |0 DLC | ||


